Statistics for 2012 NHL Entry Draft 1st Round Selections

Click here to take the quiz!

General Stats

  • This quiz has been taken 231 times
  • The average score is 14 of 30

Answer Stats

PickPlayerJunior TeamNHL Team% Correct
1Nail YakupovSarnia StingEdmonton Oilers
99%
2Ryan MurrayEverett SilvertipsColumbus Blue Jackets
83%
5Morgan RiellyMoose Jaw WarriorsToronto Maple Leafs
82%
3Alex GalchenyukSarnia StingMontreal Canadiens
79%
6Hampus LindholmRogle BKAnaheim Ducks
70%
4Griffin ReinhartEdmonton Oil KingsNew York Islanders
69%
7Mathew DumbaRed Deer RebelsMinnesota Wild
65%
9Jacob TroubaUSNTDPWinnipeg Jets
51%
8Derrick PouliotPortland WinterhawksPittsburgh Penguins
48%
11Filip ForsbergLeksands IFWashington Capitals
48%
16Tom WilsonPlymouth WhalersWashington Capitals
48%
17Tomas HertlSlavia PragueSan Jose Sharks
44%
22Olli MaattaLondon KnightsPittsburgh Penguins
42%
19Andrei VasilevskiyTolpar UfaTampa Bay Lightning
40%
18Teuvo TeravainenJokeritChicago Blackhawks
40%
10Slater KoekkoekPeterborough PetesTampa Bay Lightning
39%
24Malcolm SubbanBelleville BullsBoston Bruins
38%
12Mikhail GrigorenkoQuebec RempartsBuffalo Sabres
36%
15Cody CeciOttawa 67sOttawa Senators
35%
30Tanner PearsonBarrie ColtsLA Kings
35%
13Radek FaksaKitchener RangersDallas Stars
34%
20Scott LaughtonOshawa GeneralsPhiladelphia Flyers
34%
14Zemgus GirgensonsDubuque Fighting SaintsBuffalo Sabres
32%
21Mark JankowskiStanstead CollegeCalgary Flames
30%
28Brady SkjeiUSNTDPNew York Rangers
29%
23Mike MathesonDubuque Fighting SaintsFlorida Panthers
26%
29Stefan MatteauUSNTDPNew Jersey Devils
25%
27Henrik SamuelssonEdmonton Oil KingsPhoenix Coyotes
22%
25Jordan SchmaltzGreen Bay GamblersSt Louis Blues
22%
26Brendan GaunceBelleville BullsVancouver Canucks
21%

Score Distribution

Percentile by Number Answered

Percent of People with Each Score

Your Score History

You have not taken this quiz